00541nam a22001817a 450000500170000001000150001702000260003203500130005803700130007108200100008424501000009426000330019427000430022730000220027049000240029270000230031670000200033920100821135917.0 aENG-101201 c125.00a9788183822046 aEN-84734 bDBAD/PUB a306.7 aThe kamasutra of Mallinga Vatsyayana :ctranslated by Sir Richard F.Burton [and] F.F. Arbuthnot aNew DelhibLotus Pressc2009 a4263/3, Ansari RoadbNew Delhie110002 a248p.c18cm (pbk) aThe Hindu Classics  aBurton, Richard F. aArbuthnot, F.F.